Statistics for "DEA" Vocabulary quiz

Click here to take the quiz!

General Stats

  • This quiz has been taken 44 times
  • The average score is 12 of 19

Answer Stats

HintAnswer% Correct
A time by which something must be completedDeadline
94%
Fatal, lethalDeadly
94%
The head of a university facultyDean
94%
Expensive, or belovedDear
91%
A wholesaler, or someone distributing cards in a gameDealer
88%
An officer of a church, usually responsible for various dutiesDeacon
79%
The heaviness of an inert bodyDeadweight
68%
A piece of furniture on which a person spends their last living momentsDeathbed
68%
To render something inoperative, like a bombDeactivate
62%
To apply local anaesthetic or soundproofingDeaden
62%
Without expressionDeadpan
62%
To be overwhelmed by noiseDeafened
53%
A dangerous vehicle or structure which could result in a fatalityDeathtrap
50%
A dispute where progress is impossibleDeadlock
47%
Scarcity or inadequate supplyDearth
47%
Nickname for an expert marksmanDeadeye
41%
In weightlifting, when the weights are lifted to hip heightDeadlift
38%
A dullard, or to remove spent flowers from a plantDeadhead
29%
Burdensome staff or dead branchesDeadwood
24%

Score Distribution

Percentile by Number Answered

Percent of People with Each Score

Your Score History

You have not taken this quiz